| 000 | 01858cad a22002775a 4500 | ||
|---|---|---|---|
| 001 | E147034 | ||
| 008 | 090324s2009 xxk f s000 0 eng d | ||
| 020 | _a9780755974566 | ||
| 022 | 1 | _a0950-2254 | |
| 035 | _a(Sirsi) u147034 | ||
| 041 | 0 | _aeng | |
| 050 | 0 | 4 | _a346.4104342 $2 18 |
| 100 | 2 |
_aCrook, A. D. H. _cProf |
|
| 245 | 0 | 0 |
_aScottish Government review of the private rented sector _bvolume 3, views and experiences of landlords in the private rented sector in Scotland _h[electronic resource] |
| 260 |
_aEdinburgh _bScottish Government _c2009 |
||
| 505 | 2 | _aAcknowledgements -- Executive summary -- Introduction: aim, objectives and methods -- The policy and market environment -- Acquiring and managing dwelling portfolios -- Lettings -- Letting preferences -- Attitudes to letting -- Advice, training and professional bodies -- Rates of return -- Future intentions -- Findings from the focus group -- Summary and conclusions -- References -- Technical appendix | |
| 520 | _aPresents the results of research into the opinions, understanding and experiences of private sector landlords. The research is part of a wider review, which was aimed at: undertaking a general stock take of the sector; examining the role which the sector plays in housing those on low incomes and benefits; and looking at good practice in relation to local authorities and their contact with the private rented sector. For other publications in this series, see E147029, E147032, E147035 and E147036. | ||
| 521 | _aAdvanced | ||
| 590 | _aKA | ||
| 651 | 4 |
_aScotland _y1999- |
|
| 690 | _aPROPERTY-RESIDENTIAL PROPERTY-RESIDENTIAL LANDLORD AND TENANT | ||
| 700 | 1 |
_aFerrari, Ed _cDr |
|
| 700 | 1 |
_aKemp, Peter A. _cProf |
|
| 856 | 4 | 0 |
_uhttps://www.scotland.gov.uk/Publications/2009/03/23153402/0 _zView the report free of charge at www.scotland.gov.uk... |
| 942 | _n0 | ||
| 999 |
_c109416 _d109416 |
||